Biggest City in Each Canadian Province Quiz Stats

Quiz not verified by Sporcle

Challenge
Share
Tweet
Embed
Score 0/10 Timer 05:00
0 Plays Today
Province Biggest City % Correct
AlbertaCalgary
100%
British ColumbiaVancouver
100%
New BrunswickSaint John
100%
OntarioToronto
100%
QuebecMontreal
100%
ManitobaWinnipeg
95.2%
SaskatchewanSaskatoon
90%
Nova ScotiaHalifax
80%
Newfoundland and LabradorSt. John's
71.4%
Prince Edward IslandCharlottetown
70%

You're not logged in!

Compare scores with friends on all Sporcle quizzes.
Join for Free
OR
Log In

You Might Also Like...

Show Comments

Extras

Created Jan 30, 2017ReportNominate
Tags:Typing Quiz, annoying

Top Quizzes Today


Score Distribution

Your Account Isn't Verified!

In order to create a playlist on Sporcle, you need to verify the email address you used during registration. Go to your Sporcle Settings to finish the process.

Report this User

Report this user for behavior that violates our Community Guidelines.

Details: